书目信息 |
| 题名: |
五经全译 : 易经
|
|
| 作者: | 陈襄民注 译 | |
| 分册: | ||
| 出版信息: | 郑州 中州古籍出版社 1991 |
|
| 页数: | 371页 | |
| 开本: | 20cm | |
| 丛书名: | ||
| 单 册: | ||
| 中图分类: | Z126.2 | |
| 科图分类: | ||
| 主题词: | 丛书--中国 | |
| 电子资源: | ||
| ISBN: | 7-5348-0635-6 | |
| 000 | 00554nam0 2200193 45 | |
| 001 | 1558657869 | |
| 005 | 20150104161924.35 | |
| 010 | @a7-5348-0635-6@dRMB 7.20 | |
| 100 | @a20150104d1991 km y0chiy0120 ea | |
| 101 | 0 | @achi |
| 102 | @aCN@b410000 | |
| 200 | 1 | @a五经全译 : 易经@Awu jing quan yi:yi jing@f陈襄民注译@Fchen xiang min zhu yi |
| 210 | @a郑州@c中州古籍出版社@d1991 | |
| 215 | @a371页@d20cm | |
| 606 | 0 | @a丛书@x中国 |
| 690 | @aZ126.2@v4 | |
| 701 | 0 | @a陈襄民注@Achen xiang min zhu@4译 |
| 801 | 0 | @aCN@bPFT@c20150104 |
| 905 | @a10447@dZ126.2@eC594 | |
| 五经全译 : 易经/陈襄民注译.-郑州:中州古籍出版社,1991 |
| 371页;20cm |
| ISBN 7-5348-0635-6:RMB 7.20 |
| ● |
| 相关链接 |
|
|
|
正题名:五经全译 : 易经
索取号:Z126.2/C594
 
预约/预借
| 序号 | 登录号 | 条形码 | 馆藏地/架位号 | 状态 | 备注 |
| 1 | 495557 | 204955575 | 自科库501/501自科库 124排1列5层/ [索取号:Z126.2/C594] | 在馆 |